Normal view
MARC view
Entry Personal Name
001 - CONTROL NUMBER
- control field: 16194
003 - CONTROL NUMBER IDENTIFIER
- control field: ARRUPE
005 - DATE AND TIME OF LATEST TRANSACTION
- control field: 20150311144537.0
008 - FIXED-LENGTH DATA ELEMENTS
- fixed length control field: 150311|| aca||aabn | a|a d
040 ## - CATALOGING SOURCE
- Original cataloging agency: ARRUPE
- Transcribing agency: ARRUPE
100 ## - HEADING--PERSONAL NAME
- Personal name: Leicester, Henry Marshall,
- Dates associated with a name: 1906-
670 ## - SOURCE DATA FOUND
- Source citation: Work cat.: (ARRUPE)0: Leicester, Henry Marshall, 1906-, A source book in chemistry, 1400-1900, 1963 [c1952]